[Event "Tatry Open"]
[Site "Tatranske Zruby SVK"]
[Date "2006.09.30"]
[Round "9"]
[White "Pribyl,Jo"]
[Black "Langner,L"]
[Result "1/2-1/2"]
[WhiteElo "2432"]
[BlackElo "2396"]

1.Nf3 Nf6 2.c4 c5 3.Nc3 g6 4.g3 Bg7 5.Bg2 O-O 6.O-O Nc6 7.d4 cxd4 8.Nxd4 Nxd4
9.Qxd4 d6 10.Bd2 Be6 11.Qd3  1/2-1/2

[Event "TCh-BEL 2006-7"]
[Site "Belgium BEL"]
[Date "2006.10.01"]
[Round "1"]
[White "Chuchelov,V"]
[Black "Michiels,B"]
[Result "1/2-1/2"]
[WhiteElo "2534"]
[BlackElo "2442"]

1.c4 c5 2.Nf3 Nf6 3.Nc3 b6 4.d4 cxd4 5.Nxd4 Bb7 6.f3 d6 7.e4 e6 8.Be2 Be7
9.O-O a6 10.Be3 Nbd7 11.a4 O-O 12.a5 Qc7 13.Qd2 Rab8 14.axb6 Nxb6 15.Rfc1 Nbd7
16.b4 Rfc8 17.Na4 Qd8 18.Nb3 Rc7 19.Bf4 Ne8 20.c5 e5 21.Be3 dxc5 22.Naxc5 Nxc5
23.Qxd8 Bxd8 24.Bxc5 Be7 25.Na5 Bxc5+ 26.bxc5 Bc8 27.c6 Kf8 28.Rc5 f6 29.Nc4 Rb5
30.Ra5 Rxa5 31.Nxa5 Ke7 32.Nc4 Bd7 33.cxd7 Rxc5 34.dxe8=Q+ Kxe8 35.Kf2 Kd7
36.Ke3 Rc7 37.Kd2 Kc6 38.Kc3 Kc5 39.Nb2 Kb6+ 40.Bc4 a5 41.Na4+ Kc6 42.Nb2 Kc5
43.g3 Ra7 44.Bb3 g5 45.Na4+ Kb5 46.Nb2 h5 47.Ba4+ Kc5 48.Nc4 h4 49.g4 h3
50.Nb2 Rc7 51.Nc4 Rb7 52.Nd2 Rb4 53.Nb3+ Kd6 54.Be8 Rb8 55.Ba4 Rb4 56.Be8 Rb8
57.Ba4 Kc7 58.Nd2 Rb4 59.Bc2 Rb8  1/2-1/2

[Event "7th Veselin Boskovic Mem Op"]
[Site "Beograd SRB"]
[Date "2006.10.03"]
[Round "2"]
[White "Cabrilo,G"]
[Black "Klasan,V"]
[Result "1-0"]
[WhiteElo "2480"]
[BlackElo "2220"]

1.c4 Nf6 2.Nc3 c5 3.Nf3 d5 4.cxd5 Nxd5 5.d4 cxd4 6.Qxd4 Nxc3 7.Qxc3 Nc6 8.e4 e6
9.Bd2 Bd7 10.Be2 Qb6 11.O-O Rc8 12.Rfd1 f6 13.Be3 Qc7 14.Rac1 Be7 15.Qb3 Qb8
16.Rxd7 Kxd7 17.Bc4 Ke8 18.Bxe6 Rd8 19.h3 Kf8 20.Bd5 Nb4 21.Nd4 Nxd5 22.Ne6+ Ke8
23.exd5 Rc8 24.Re1 g5 25.Bd4 Kf7 26.Nxg5+  1-0

[Event "56th TCh-BUL"]
[Site "Sunny Beach BUL"]
[Date "2006.10.05"]
[Round "1"]
[White "Ivanov,Jo"]
[Black "Andreev,S"]
[Result "1-0"]
[WhiteElo "2370"]
[BlackElo "2119"]

1.Nf3 Nf6 2.c4 c5 3.Nc3 d5 4.cxd5 Nxd5 5.d4 e6 6.e4 Nxc3 7.bxc3 cxd4 8.cxd4 Bb4+
9.Bd2 Qa5 10.Rb1 Bxd2+ 11.Qxd2 Qxd2+ 12.Kxd2 O-O 13.Bb5 Nd7 14.Rhc1 Nf6 15.Ke3 a6
16.Bd3 b5 17.Rc7 Rd8 18.Ne5 Bd7 19.g4 g5 20.Rf1 Be8 21.f4 gxf4+ 22.Rxf4 Kg7
23.g5 Nd7 24.Ng4 Rdc8 25.Rb7 Rab8 26.Rxb8 Rxb8 27.e5 Nf8 28.Nf6 Ng6 29.Rf2 Rc8
30.h4 Bc6 31.h5 Nf8 32.h6+ Kh8 33.Rc2 Bb7 34.Rc5 Rxc5 35.dxc5 b4 36.Be4 Bc8
37.c6 a5 38.Kd4 a4 39.Kc4 b3 40.axb3 a3 41.Kc3 Ng6 42.Bxg6 fxg6 43.b4 Ba6
44.Kb3  1-0

[Event "7th Veselin Boskovic Mem Op"]
[Site "Beograd SRB"]
[Date "2006.10.06"]
[Round "5"]
[White "Jelic,G"]
[Black "Marinkovic,I"]
[Result "0-1"]
[WhiteElo "2240"]
[BlackElo "2452"]

1.Nf3 Nf6 2.c4 c5 3.Nc3 b6 4.g3 Bb7 5.Bg2 g6 6.O-O Bg7 7.d4 cxd4 8.Qxd4 d6
9.Rd1 Nbd7 10.Be3 Nc5 11.Rac1 Nce4 12.Nxe4 Bxe4 13.Qd2 O-O 14.Bh6 Rc8 15.Nd4 Bxg2
16.Kxg2 Bxh6 17.Qxh6 Rc5 18.h4 Qa8+ 19.f3 Rfc8 20.b3 a6 21.a4 Kh8 22.e4 Rg8
23.Qe3 g5 24.hxg5 Rcxg5 25.Ne2 Nh5 26.Kf2 Nxg3 27.Rg1 Nxe2 28.Rxg5 Rxg5 29.Qxg5 Nxc1
30.Qxc1 Qc6 31.Ke2 f6 32.Qh6 Kg8 33.Qh3 Qc5 34.Qe6+ Kf8 35.b4 Qxb4 36.Qc8+ Kf7
37.Qxa6 Qa5 38.Qb7 Qxa4 39.Qd5+ Kf8 40.f4 Qa5 41.Qe6 h5 42.Qc8+ Kf7 43.Qh8 Qa2+
44.Kd3 Qb3+ 45.Kd2 Qxc4 46.Qxh5+ Kg7 47.Qg4+ Kf8 48.Ke3 Qb3+ 49.Kd2 Qc4 50.Ke3 Ke8
51.Qh5+ Kd8 52.Qh8+ Kd7 53.Qa8 Qc5+ 54.Ke2 f5 55.exf5 Qxf5 56.Qb7+ Ke8 57.Qxb6 Qxf4
58.Qc6+ Kf7 59.Qd5+ Kf6 60.Qg8 Qg5 61.Qh8+ Ke6 62.Qc8+ Kf7 63.Qh8 Qe5+  0-1

[Event "WJun"]
[Site "Yerevan ARM"]
[Date "2006.10.06"]
[Round "4"]
[White "Zarkua,D"]
[Black "Pile,R"]
[Result "1/2-1/2"]
[WhiteElo "2411"]
[BlackElo "2290"]

1.c4 Nf6 2.Nf3 e6 3.Nc3 c5 4.d4 cxd4 5.Nxd4 a6 6.g3 Qc7 7.Bg2 d6 8.O-O Qxc4
9.e4 Be7 10.Be3 Qc7 11.Rc1 Qd8 12.Qe2 O-O 13.Rfd1 Nc6 14.Nb3 e5 15.h3 Na5
16.Nd2 b5 17.f4 Bd7 18.b4 Nc6 19.a3 Rc8 20.Qf2 exf4 21.gxf4 Qe8 22.Nf1 Be6
23.Ng3 Kh8 24.Qf3 Nb8 25.Bf2 Rc4 26.Bf1 Rc6  1/2-1/2

[Event "Vasylyshyn Mem"]
[Site "Lviv UKR"]
[Date "2006.10.08"]
[Round "3"]
[White "Nester,I"]
[Black "Yaremko,N"]
[Result "0-1"]
[WhiteElo "2420"]
[BlackElo "2326"]

1.Nf3 Nf6 2.c4 c5 3.Nc3 e6 4.g3 b6 5.Bg2 Bb7 6.O-O Be7 7.d4 cxd4 8.Qxd4 d6
9.Rd1 a6 10.Bg5 Nbd7 11.Qd2 O-O 12.Bf4 Ne8 13.Rac1 Qc7 14.b3 Rd8 15.e4 Qb8
16.Qe2 Nef6 17.Rc2 Rfe8 18.Rcd2 e5 19.Bg5 h6 20.Bxf6 Nxf6 21.Nh4 g6 22.Bf3 b5
23.cxb5 axb5 24.Qxb5 Rc8 25.Nd5 Nxd5 26.exd5 e4 27.Bg2 Rc5 28.Qa4 Bg5 29.Re2 Bxh4
30.gxh4 Bxd5 31.Bxe4 Bc6 32.Qd4 Qc8 33.Bf3 Bxf3  0-1

[Event "56th TCh-BUL"]
[Site "Sunny Beach BUL"]
[Date "2006.10.09"]
[Round "5"]
[White "Todorov,Ml"]
[Black "Yordanov,N"]
[Result "1-0"]
[WhiteElo "2194"]
[BlackElo "2251"]

1.Nf3 c5 2.c4 Nf6 3.Nc3 d5 4.cxd5 Nxd5 5.g3 Nc6 6.Bg2 Nc7 7.O-O e5 8.d3 Be7
9.Nd2 Bd7 10.Nc4 f6 11.b3 O-O 12.Bb2 Rc8 13.Rc1 b5 14.Ne3 Nd4 15.Ncd5 Nxd5
16.Nxd5 Bd6 17.e3 Ne6 18.f4 exf4 19.gxf4 Bc6 20.b4 Kh8 21.Qh5 f5 22.Rf3 Be8
23.Qh3 cxb4 24.Rxc8 Qxc8 25.Qh6 Bg6 26.Rg3 Qe8 27.h4 Kg8 28.Bxg7 Nxg7 29.h5 Nxh5
30.Qxh5 Kh8 31.Qh6 a5 32.Kh2 a4 33.Nc7 Qf7 34.Bd5 Qf6 35.Ne6 Rc8 36.Ng5 Bf8
37.Qh4 Rc2+ 38.Kh3 Qb2 39.Qxh7+  1-0

[Event "I Patrimonio de la Humanidad Open"]
[Site "Alcala de Henares ESP"]
[Date "2006.10.11"]
[Round "5"]
[White "Toranzo Fernandez,D"]
[Black "Blanco Sanchez,J"]
[Result "0-1"]
[WhiteElo "1989"]
[BlackElo "2167"]

1.Nf3 c5 2.c4 Nf6 3.Nc3 d5 4.cxd5 Nxd5 5.d4 Nxc3 6.bxc3 g6 7.e3 Bg7 8.Be2 O-O
9.O-O Bf5 10.a4 cxd4 11.cxd4 Nc6 12.Ba3 Re8 13.Rc1 a6 14.Qb3 Na5 15.Qb4 Bd7
16.Ne5 Nc6 17.Qxb7 Nxe5 18.dxe5 Bxa4 19.Bf3 Rb8 20.Qe4 Qa5 21.Bc5 Bb5 22.Rfd1 Rbc8
23.Bd4 Rxc1 24.Rxc1 e6 25.h4 h5 26.Qb7 Qd2 27.Rc7 Qd3 28.g3 Bf8 29.Bg2 Qa3
30.Rc3 Qe7 31.Qb6 Qd8 32.Qxd8 Rxd8 33.Rc7 Kg7 34.Be4 Rd7 35.Rc8 Be7 36.f4 Bb4
37.f5 gxf5 38.Bxf5 exf5 39.e6+ Rxd4 40.exd4 fxe6  0-1

[Event "Vasylyshyn Mem"]
[Site "Lviv UKR"]
[Date "2006.10.12"]
[Round "9"]
[White "Nester,I"]
[Black "Oleksienko,M"]
[Result "1/2-1/2"]
[WhiteElo "2420"]
[BlackElo "2530"]

1.Nf3 Nf6 2.c4 c5 3.Nc3 d5 4.cxd5 Nxd5 5.d4 Nxc3 6.bxc3 cxd4 7.cxd4 e5 8.dxe5 Qxd1+
9.Kxd1 Nc6 10.e3 Bg4 11.Bb5 O-O-O+ 12.Ke2 Nxe5 13.Bb2 f6 14.h3 Bxf3+ 15.gxf3 Nc6
16.Rac1 Kc7 17.Rc2 Rd5 18.Bd3 Bb4 19.Be4 Rd7 20.Rb1 Ba5 21.Ba3 Bb6 22.Rbc1 Kb8
23.Bxc6 bxc6 24.Rxc6 Rhd8 25.Bb4 Rd5 26.Re6 R8d7 27.Re7 Rxe7 28.Bxe7 Rb5
29.Rc2 Rh5 30.Bf8 g5 31.Rc6 Bd8 32.Bc5 Kb7 33.Rd6 Bc7 34.Rd5 Rxh3 35.Bd4 Rh6
36.Rd7 Kc6 37.Rf7 Be5 38.Bxe5 fxe5 39.Rxa7 Rh1 40.Rg7 h6 41.a4 Kd5 42.a5 Ra1
43.Rg6 Rxa5 44.Rxh6 e4 45.fxe4+ Kxe4 46.Re6+ Kf5 47.Rd6 Ke5 48.Rd4 Ra2+ 49.Kf3 Rb2
50.Ra4 Rb1 51.Ra5+ Kf6 52.Ra6+ Ke5 53.Rg6 Kf5 54.Rg7 Rg1 55.e4+ Ke5 56.Rg6 Kd4
57.Re6 Kc5 58.Re5+ Kd6 59.Rf5 Ke6 60.Ke2 Ke7 61.f3 g4 62.Kf2 Ra1 63.f4 Ra3
64.e5 Ke6 65.Rf6+ Ke7 66.Kg2 Rf3 67.Rf5 Ke8 68.Rf6 Ke7 69.f5 Re3 70.Re6+ Kf7
71.Kh2 Rh3+ 72.Kg2 Re3 73.Kg1 Rg3+ 74.Kh1 Rh3+ 75.Kg2 Re3  1/2-1/2

[Event "22nd ECU Club Cup"]
[Site "Feugen AUT"]
[Date "2006.10.13"]
[Round "6"]
[White "Nyback,T"]
[Black "Stangl,M"]
[Result "1-0"]
[WhiteElo "2575"]
[BlackElo "2468"]

1.Nf3 c5 2.c4 Nf6 3.Nc3 e6 4.g3 b6 5.Bg2 Bb7 6.O-O Be7 7.Re1 Nc6 8.e4 e5
9.Nd5 d6 10.Nxe7 Qxe7 11.d3 O-O 12.Nh4 Nd4 13.f4 Bc6 14.Be3 Rab8 15.Rc1 Bd7
16.h3 b5 17.b4 bxc4 18.bxc5 cxd3 19.Bxd4 exd4 20.c6 Rb2 21.Qxd3 Be6 22.Nf3 Rxa2
23.Nxd4 Bc8 24.c7 Ne8 25.Nf5 Qd7 26.Qc3 h5 27.Qc6 Qe6 28.Qc4 Kh7 29.Qxe6 fxe6
30.Ne7 Nf6 31.e5 dxe5 32.Nxc8  1-0

[Event "22nd ECU Club Cup"]
[Site "Feugen AUT"]
[Date "2006.10.13"]
[Round "6"]
[White "Ivanov,Sergei"]
[Black "Atlas,V"]
[Result "0-1"]
[WhiteElo "2354"]
[BlackElo "2482"]

1.c4 c5 2.Nf3 Nf6 3.Nc3 b6 4.g3 Bb7 5.Bg2 g6 6.O-O Bg7 7.Re1 Ne4 8.Nxe4 Bxe4
9.d4 cxd4 10.Nxd4 Bxg2 11.Kxg2 Nc6 12.Nxc6 dxc6 13.Qc2 O-O 14.Rd1 Qc7 15.Bd2 Rad8
16.Bc3 Bxc3 17.Qxc3 Rd7 18.Rxd7 Qxd7 19.Qd3 Qxd3 20.exd3 Rd8 21.Rd1 e5 22.Kf3 f5
23.Ke3 Re8 24.Rd2 Kf7 25.d4 exd4+ 26.Kxd4 Re1 27.f4 h6 28.Kc3 Ke7 29.Kd3 Rh1
30.Ke3 Rc1 31.b3 a5 32.Kd3 Rh1 33.Kc3 g5 34.Re2+ Kf6 35.Re6+ Kg7 36.Re2 Kf7
37.Rd2 c5 38.fxg5 hxg5 39.Kd3 Ke6 40.Ke3 Rc1 41.Kd3 g4 42.Re2+ Kf6 43.Rf2 Re1
44.Kd2 Re4 45.a4 Ke5 46.Rf1 Rd4+ 47.Ke3 Rd7 48.Rc1 Kf6 49.Rf1 Kg5 50.Ke2 Rh7
51.Rf2 f4 52.gxf4+ Kf5 53.Kf1 Rh3 54.Kg2 Rxb3 55.Rd2 Kxf4 56.Rd6 Rb2+ 57.Kg1 Rb4
58.Kg2 Rxc4 59.Rxb6 Rxa4 60.Rb5 c4 61.Rc5 Ra2+ 62.Kg1 Kf3 63.Rf5+ Ke3 64.Rg5 c3  0-1

[Event "IRT5"]
[Site "Sao Paulo BRA"]
[Date "2006.10.15"]
[Round "7"]
[White "Fernandez,He"]
[Black "Madeira,W"]
[Result "1/2-1/2"]
[WhiteElo "2105"]
[BlackElo "2253"]

1.Nf3 c5 2.c4 Nf6 3.Nc3 d5 4.cxd5 Nxd5 5.Nxd5 Qxd5 6.g3 Nc6 7.Bg2 g6 8.O-O Bg7
9.d3 O-O 10.Be3 Bxb2 11.Rb1 Bg7 12.Qc2 Nb4 13.Qxc5 Qxc5 14.Bxc5 Nxa2 15.Bd4 Nc3
16.Rb2 Rd8 17.Bxg7 Kxg7 18.Rc1 Nd5 19.Ne5 e6 20.e4 Nf6 21.Rc7 Rf8 22.d4 Ne8
23.Rc3 b6 24.Ra3 Bb7 25.Nc4 Nf6 26.Nd6 Bc6 27.Rc2 Be8 28.Rc7 a5 29.Rb7 b5
30.Nxe8+ Rfxe8 31.Rxb5 Reb8 32.e5 Ng4 33.Rxb8 Rxb8 34.Bf3 Nh6 35.Rxa5 Nf5
36.d5 Nd4 37.Be4 Ne2+ 38.Kg2 Nc3 39.Bf3 exd5 40.Bxd5  1/2-1/2

[Event "10th Essent Open"]
[Site "Hoogeveen NED"]
[Date "2006.10.22"]
[Round "3"]
[White "Dvoirys,S"]
[Black "Van Kooten,L"]
[Result "1/2-1/2"]
[WhiteElo "2553"]
[BlackElo "2291"]

1.Nf3 c5 2.c4 Nf6 3.Nc3 e6 4.g3 d5 5.cxd5 exd5 6.d4 Nc6 7.Bg2 Be7 8.O-O O-O
9.dxc5 Bxc5 10.Nd2 Be6 11.Nb3 Be7 12.Be3 Ne5 13.Bd4 Nc4 14.Qc2 Rc8 15.Rad1 b5
16.Qb1 Qe8 17.Bxa7 Rc7 18.Bd4 b4 19.Bxf6 Bxf6 20.Nxd5 Bxd5 21.Bxd5 Nxb2 22.Rd2 Na4
23.Qf5 Nc3 24.Bf3 Qe7 25.Rc1 g6 26.Qd3 Ra7 27.Rcc2 Nb1 28.Rd1 Nc3 29.Ra1 Rd8
30.Qc4 h5 31.e3 Rc7 32.Qf1 Rcd7 33.Na5 Qe6 34.Nc6 Qf5 35.Nxd8 Qxc2 36.Nc6 Ne2+
37.Qxe2 Qxe2 38.Bxe2 Bxa1 39.Nxb4 Bc3 40.Nc6 Rd2  1/2-1/2

[Event "14th Chigorin Mem B"]
[Site "St-Petersburg RUS"]
[Date "2006.10.25"]
[Round "3"]
[White "Belousov,D"]
[Black "Nikitin,Alek"]
[Result "1-0"]
[WhiteElo "2268"]
[BlackElo "2221"]

1.Nf3 c5 2.c4 Nf6 3.Nc3 e6 4.g3 b6 5.Bg2 Bb7 6.O-O Be7 7.Re1 O-O 8.e4 d6
9.d4 cxd4 10.Nxd4 Qc8 11.Be3 a6 12.Rc1 Nbd7 13.f4 Nc5 14.Bf2 Re8 15.b4 Ncd7
16.e5 dxe5 17.fxe5 Bxg2 18.exf6 Nxf6 19.Kxg2 Bxb4 20.Qb3 Bc5 21.Nf3 Bxf2
22.Kxf2 Qc5+ 23.Kg2 Qc6 24.c5 bxc5 25.Qa4 Qc7 26.Ne4 Nd7 27.Red1 Nb6 28.Qa5 c4
29.Rd6 Reb8 30.Rb1 Nd5 31.Rxd5 exd5 32.Qxc7 Rxb1 33.Nd6 Rf8 34.Nf5  1-0

[Event "14th Chigorin Mem B"]
[Site "St-Petersburg RUS"]
[Date "2006.10.25"]
[Round "4"]
[White "Rumiantsev,An"]
[Black "Valov,I"]
[Result "0-1"]
[WhiteElo "2227"]
[BlackElo "2298"]

1.Nf3 Nf6 2.c4 c5 3.Nc3 e6 4.g3 b6 5.Bg2 Bb7 6.O-O Be7 7.d3 O-O 8.e4 d6 9.Ne1 Nc6
10.f4 Qc7 11.Nc2 a6 12.Be3 Rad8 13.Qe2 Rfe8 14.Bf3 d5 15.cxd5 exd5 16.Nxd5 Nxd5
17.exd5 Nb8 18.Qg2 Qd7 19.d4 c4 20.Bd2 Bxd5 21.Bxd5 Qxd5 22.Qxd5 Rxd5 23.Bc3 Rdd8
24.Rad1 b5 25.Rfe1 Nc6 26.a3 Kf8 27.Kf1 Bf6 28.d5 Rxe1+ 29.Kxe1 Bxc3+ 30.bxc3 Ne7
31.d6 Nc8 32.d7 Nb6 33.Nb4 a5 34.Nc6 Rxd7 35.Rxd7 Nxd7 36.Na7 Ke7 37.Nxb5 Ke6
38.Ke2 Kd5 39.Ke3 Nb6 40.Nd4 Na4 41.Kd2 g6 42.Nf3 h6 43.Nd4 Nc5 44.Ke3 Na4
45.Kd2 h5 46.Nf3 f6 47.Nh4 g5 48.fxg5 fxg5 49.Nf5 Ke5 50.Ne3 Nb6 51.Ke2 Ke4
52.Nf1 Na4 53.Nd2+ Kd5 54.Nb1 Nc5 55.Kf3 Ne4 56.h4 Ke5 57.hxg5 Nxg5+ 58.Ke3 Ne4
59.Kf3 a4 60.Ke3 Nxg3 61.Nd2 Nf5+ 62.Kf3 Nd6 63.Ke3 Kd5 64.Kf3 Nb5 65.Nb1 h4  0-1

[Event "14th Chigorin Mem B"]
[Site "St-Petersburg RUS"]
[Date "2006.10.26"]
[Round "5"]
[White "Fedoseev,Vl1"]
[Black "Nikitinyh,B"]
[Result "0-1"]
[WhiteElo "2300"]
[BlackElo "2267"]

1.c4 c5 2.Nf3 Nf6 3.Nc3 e6 4.g3 b6 5.Bg2 Bb7 6.O-O Be7 7.d4 cxd4 8.Nxd4 Bxg2
9.Kxg2 Qc8 10.b3 Qb7+ 11.f3 a6 12.e4 d6 13.Be3 Nbd7 14.Qe2 O-O 15.Rfd1 Rac8
16.Rac1 Rfd8 17.Bf2 Ne5 18.h3 Ng6 19.Nc2 Qb8 20.Ne3 Nh5 21.Kh2 Bg5 22.f4 Nhxf4
23.gxf4 d5 24.Kh1 Nxf4 25.Qg4 d4 26.Qxg5 Nxh3 27.Qg2 Nxf2+ 28.Qxf2 dxc3 29.Qf3 Qe5
30.Ng4 Qh5+ 31.Kg2 Rd2+ 32.Rxd2 cxd2 33.Rd1 Qg5 34.Kf2 Rd8 35.Ke2 Rd4 36.Ne3 Qe5
37.Rxd2 Rxd2+ 38.Kxd2 Qa5+ 39.Kc1 Qxa2 40.Nc2 Qa5 41.Qd3 Qg5+ 42.Kb2 h5 43.Nd4 h4
44.Kc3 Qe5 45.Kd2 g5 46.Nf3 Qf4+ 47.Kd1 Kg7 48.Ke1 h3 49.Qd4+ Kh7 50.Qf2 Qxe4+
51.Kf1 Qf4 52.Kg1 f5 53.Qe2 g4 54.Ne5 Kh6 55.Nd3 Qg3+ 56.Kh1 Kh5 57.b4 Qd6
58.c5 bxc5 59.bxc5 Qd5+ 60.Kh2 e5 61.Qd2 Qe4 62.Qc2 f4 63.Nxf4+ Qxf4+ 64.Kh1 e4
65.c6 g3 66.Qd1+ Qf3+ 67.Qxf3+ exf3 68.Kg1 h2+ 69.Kh1 f2  0-1

[Event "14th Chigorin Mem"]
[Site "St-Petersburg RUS"]
[Date "2006.10.27"]
[Round "6"]
[White "Ovetchkin,R"]
[Black "Karasev,V"]
[Result "1-0"]
[WhiteElo "2543"]
[BlackElo "2378"]

1.Nf3 c5 2.c4 Nf6 3.Nc3 e6 4.g3 b6 5.Bg2 Bb7 6.O-O Be7 7.b3 Ne4 8.Nxe4 Bxe4
9.Bb2 Bf6 10.Bxf6 Qxf6 11.d4 cxd4 12.Nxd4 Bxg2 13.Kxg2 a6 14.Qd2 Qe5 15.Rfd1 O-O
16.Nf3 Qc5 17.Rac1 Ra7 18.b4 Qe7 19.Qd6 Qxd6 20.Rxd6 Nc6 21.b5 axb5 22.cxb5 Nb4
23.Ne5 Nxa2 24.Rc4 Ra5 25.Nxd7 Re8 26.Rxb6 h6 27.Rb7 Ra3 28.Rcc7 e5 29.Ra7 Rxa7
30.Rxa7 Nb4 31.b6 Nc6 32.Rc7  1-0

[Event "10th Essent Open"]
[Site "Hoogeveen NED"]
[Date "2006.10.28"]
[Round "9"]
[White "Gurevich,M"]
[Black "Bitalzadeh,A"]
[Result "1-0"]
[WhiteElo "2648"]
[BlackElo "2345"]

1.Nf3 Nf6 2.c4 e6 3.Nc3 c5 4.g3 b6 5.Bg2 Bb7 6.O-O Be7 7.Re1 d6 8.e4 Nbd7
9.d4 cxd4 10.Nxd4 Qc7 11.Ndb5 Qb8 12.f4 a6 13.Nd4 Qc7 14.e5 dxe5 15.fxe5 Ng8
16.Bxb7 Qxb7 17.Bf4 Bc5 18.Ne4 Ne7 19.Nd6+ Bxd6 20.exd6 Ng6 21.Nf5 O-O 22.Ne7+ Nxe7
23.dxe7 Rfe8 24.Bd6 Nf6 25.Qd4 b5 26.b3 bxc4 27.bxc4 Qc6 28.Re5 Nd5 29.Rxd5 exd5
30.Qxd5 Rac8 31.Qxc6 Rxc6 32.c5 f6 33.Kf2 Kf7 34.Re1 Rcc8 35.Re4 Ra8 36.Ke3 Ra7
37.Ra4 Rexe7+ 38.Bxe7 Kxe7 39.Kd4 Ke6 40.Kc4 Ra8 41.Rb4 h5 42.Rb6+ Ke5 43.Rb7 g5
44.Re7+ Kf5 45.c6 Kg4 46.Kc5 f5 47.c7 h4 48.gxh4 Kxh4 49.Rh7+ Kg4 50.Kb6 f4
51.Kb7 Rf8 52.c8=Q+ Rxc8 53.Kxc8 Kf3 54.Kb7 a5 55.a4  1-0

[Event "Open"]
[Site "Santo Domingo DOM"]
[Date "2006.11.03"]
[Round "6"]
[White "De los Santos,E"]
[Black "Beltre,P"]
[Result "1-0"]
[WhiteElo "2191"]
[BlackElo "1967"]

1.Nf3 c5 2.c4 Nf6 3.Nc3 e6 4.g3 d5 5.cxd5 exd5 6.d4 Nc6 7.Bg2 h6 8.O-O Be6
9.a3 c4 10.Ne5 Qb6 11.Qa4 Bd6 12.Nxc4 dxc4 13.d5 Nxd5 14.Nxd5 Qb3 15.Qxb3 cxb3
16.Bf4 O-O-O 17.Rfd1 Bxf4 18.Nxf4 Bf5 19.e4 Bg4 20.f3 Bd7 21.Rac1 g5 22.Nd5 Kb8
23.Rc3 Na5 24.Kf2 Be6 25.Bf1 Rc8 26.Rdc1 Rxc3 27.Nxc3 Rd8 28.Rd1 Rxd1 29.Nxd1 Kc7
30.Ke3 Kd6 31.f4 gxf4+ 32.gxf4 Kc5 33.Bd3 b5 34.f5 Bc4 35.Nf2 Nc6 36.Ng4 h5
37.Nf6 Ne5 38.Bb1 h4 39.Kf4 Kd4 40.Ng4 Nd3+ 41.Bxd3 Kxd3 42.Ne3 Kd2 43.e5 Be2
44.Ng4 Kc1 45.e6 fxe6 46.f6 e5+ 47.Nxe5 Bh5 48.Nd3+ Kc2 49.Ke3 a5 50.Kd4 h3
51.Ke3 Be8 52.Kd4 Kd2 53.Nf4 a4 54.Nd3 Ke2 55.Ke4 Bg6+ 56.Kd4 Kd2 57.Ne5 Be8
58.Nd3 Kc2 59.Ke3 Bf7 60.Kd4 Kd2 61.Ne5 Be8 62.Nd3 Kc2 63.Ke4 Bg6+ 64.Kd4 Kd2
65.Ne5 Be8 66.Nd3 Ke2 67.Kc3 Kf3 68.f7 Bxf7 69.Ne5+ Kg2 70.Nxf7 Kxh2 71.Ng5  1-0

[Event "Femida w"]
[Site "Kharkiv UKR"]
[Date "2006.11.05"]
[Round "7"]
[White "Dvoretska,O"]
[Black "Borisova,E"]
[Result "1-0"]
[WhiteElo "2153"]
[BlackElo "2182"]

1.Nf3 c5 2.c4 Nf6 3.Nc3 e6 4.g3 b6 5.Bg2 Bb7 6.O-O d6 7.d4 cxd4 8.Qxd4 a6
9.Be3 Nbd7 10.Rad1 h6 11.Bc1 Be7 12.e4 Qc7 13.b3 O-O 14.Ba3 Nc5 15.e5 dxe5
16.Qxe5 Qc8 17.Qe3 Bc6 18.Bh3 Ra7 19.Nd5 Bd8 20.Bxc5 bxc5 21.Qxc5 Qa8 22.Nxf6+ Bxf6
23.Ne5 Rc8 24.Nxc6 Rxc6 25.Qe3 Qb8 26.Bg2 Rcc7 27.c5 a5 28.c6 a4 29.Rd3 Qb4
30.Rfd1 Bg5 31.Qe4 Qxe4 32.Bxe4 g6 33.b4 Be7 34.b5 Bc5 35.Rd8+  1-0

[Event "RGSU Masters"]
[Site "Moscow RUS"]
[Date "2006.11.06"]
[Round "1"]
[White "Plotnikov,P"]
[Black "Tonoian,A"]
[Result "0-1"]
[WhiteElo "2291"]
[BlackElo "2400"]

1.Nf3 c5 2.c4 Nf6 3.Nc3 e6 4.g3 b6 5.Bg2 Bb7 6.O-O Be7 7.b3 O-O 8.Bb2 d6
9.d4 cxd4 10.Qxd4 a6 11.Rfd1 Nbd7 12.Rac1 Qc7 13.Ng5 Bxg2 14.Kxg2 Qb7+ 15.Kg1 b5
16.cxb5 axb5 17.Qb4 Rfb8 18.Nge4 Ne8 19.g4 Ne5 20.Ng3 d5 21.Qf4 Ng6 22.Qe3 h6
23.Nh5 Nf6 24.Qg3 Rd8 25.e3 e5 26.Rd2 d4 27.exd4 exd4 28.Ne2 Nxh5 29.gxh5 Nh4
30.Rd3 Bf6 31.a3 Rd5 32.Qc7 Rg5+ 33.Rg3 Rxg3+ 34.Qxg3 Re8 35.Kf1 d3 36.Nd4 Qh1+
37.Qg1 Qxg1+ 38.Kxg1 Bxd4  0-1

[Event "TCh-NOR 2006-7"]
[Site "Oslo NOR"]
[Date "2006.11.10"]
[Round "1"]
[White "Skrondal,I"]
[Black "Kirkebo,C"]
[Result "1/2-1/2"]
[WhiteElo "2134"]
[BlackElo "2181"]

1.Nf3 Nf6 2.c4 c5 3.Nc3 d5 4.cxd5 Nxd5 5.e4 Nb4 6.Bc4 Nd3+ 7.Ke2 Nf4+ 8.Kf1 Ne6
9.b4 g6 10.bxc5 Bg7 11.Bxe6 Bxe6 12.d4 Nc6 13.Be3 Qa5 14.Nd5 Rd8 15.Qb3 Qa6+
16.Ke1 O-O 17.Rb1 Rd7 18.Qb5 Qxa2 19.Rb2 Qa1+ 20.Rb1 Qa2 21.Rb2 Qa1+ 22.Rb1  1/2-1/2

[Event "RGSU GM"]
[Site "Moscow RUS"]
[Date "2006.11.11"]
[Round "6"]
[White "Pustov,P"]
[Black "Nepomniachtchi,I"]
[Result "0-1"]
[WhiteElo "2407"]
[BlackElo "2545"]

1.Nf3 Nf6 2.c4 c5 3.Nc3 d5 4.cxd5 Nxd5 5.d4 Nxc3 6.bxc3 g6 7.Bg5 Qa5 8.Qd2 Bg7
9.e3 Bf5 10.Be2 Nc6 11.O-O O-O 12.Qb2 a6 13.Rac1 e5 14.dxe5 Nxe5 15.Nxe5 Bxe5
16.Bc4 Rab8 17.Bd5 Bd3 18.Rfd1 c4 19.e4 b5 20.a3 Qc7 21.g3 a5 22.Qd2 Qc5
23.Ra1 b4 24.axb4 axb4 25.cxb4 Rxb4 26.Be3 Qb5 27.Bh6 Bxa1 28.Bxf8 Rb1 29.Bh6 c3
30.Bxf7+ Kxf7 31.Qf4+ Ke6 32.Qg4+ Ke7 33.Bg5+ Kf7  0-1

[Event "TCh-NOR 2006-7"]
[Site "Oslo NOR"]
[Date "2006.11.11"]
[Round "2"]
[White "Ekeberg,C"]
[Black "Bae,T"]
[Result "0-1"]
[WhiteElo "2334"]
[BlackElo "2333"]

1.Nf3 c5 2.c4 Nf6 3.Nc3 d5 4.cxd5 Nxd5 5.d4 Nxc3 6.bxc3 g6 7.e4 Bg7 8.Rb1 O-O
9.Be2 b6 10.O-O Bb7 11.Qd3 e6 12.Bf4 Nd7 13.e5 Qc7 14.Ng5 Rfd8 15.Qe3 Rac8
16.Ne4 Bxe4 17.Qxe4 Nb8 18.Bg5 Rd7 19.Bb5 Nc6 20.dxc5 Rd5 21.cxb6 axb6 22.Bxc6 Qxc6
23.Be3 b5 24.Bd4 Qc4 25.Rb4 Qxa2 26.Rfb1 Qa5 27.Qe2 Rb8 28.f4 Bf8 29.R4b3 Bc5
30.Bxc5 Rxc5 31.Qe3 Rbc8 32.Qd3 Rxc3 33.Rxc3 Rxc3 34.Qd7 Qb6+ 35.Kh1 b4 36.h3 b3
37.Qd2 Qc7 38.Kh2 Kg7 39.Qf2 Qc4 40.Qd2 Rc2 41.Qe3 b2 42.Qg3 Qe4 43.Re1 Qd5
44.Rb1 Re2 45.Qg4 Qe4 46.Rf1 h5 47.Qg5 b1=Q  0-1

[Event "TCh-NOR 2006-7"]
[Site "Oslo NOR"]
[Date "2006.11.11"]
[Round "2"]
[White "Hole,O"]
[Black "Madsen,D"]
[Result "1-0"]
[WhiteElo "2381"]
[BlackElo "2268"]

1.Nf3 Nf6 2.c4 c5 3.Nc3 d5 4.cxd5 Nxd5 5.d4 Nxc3 6.bxc3 g6 7.Bg5 Bg7 8.Qd2 Bg4
9.e3 Bxf3 10.gxf3 O-O 11.Bg2 Nc6 12.f4 h6 13.Bh4 Re8 14.O-O Qd7 15.Qe2 e6
16.Qb5 cxd4 17.cxd4 Rac8 18.Rfc1 Rc7 19.Rc2 Ne7 20.Qxd7 Rxd7 21.Rb1 Nf5 22.Bg3 Rb8
23.Rbc1 b6 24.Bf1 Bf8 25.Bb5 Re7 26.Kf1 a5 27.Ke2 Ra7 28.a4 Kg7 29.Kd3 Ba3
30.Rb1 Bb4 31.e4 Nxg3 32.fxg3 Rd8 33.Ke3 Kf8 34.Rc4 Rb7 35.Rbc1 Ba3 36.R1c2 Bb4
37.Rc6 Rbd7 38.R6c4 Rb7 39.Rc8 Ke7 40.e5 Ba3 41.Ke4 h5 42.h3 Rb8 43.R8c7+ Kf8
44.g4 h4 45.Bd7 b5 46.axb5 Bb4 47.Ra7 Ra8 48.b6 Rab8 49.b7  1-0

[Event "RGSU Masters"]
[Site "Moscow RUS"]
[Date "2006.11.12"]
[Round "7"]
[White "Belous,V"]
[Black "Castaneda,G"]
[Result "1-0"]
[WhiteElo "2251"]
[BlackElo "2477"]

1.c4 Nf6 2.Nc3 e6 3.Nf3 c5 4.g3 b6 5.Bg2 Bb7 6.O-O Be7 7.Qc2 Nc6 8.Rd1 Qc8
9.b3 O-O 10.Bb2 a6 11.Rac1 Rd8 12.e3 Qb8 13.a3 Na5 14.Ne2 b5 15.Bc3 Qc7 16.d3 d5
17.b4 cxb4 18.axb4 Nc6 19.Bxf6 Nxb4 20.Qb1 gxf6 21.cxd5 Qb6 22.dxe6 fxe6
23.Nf4 a5 24.e4 a4 25.Bh3 e5 26.Ne6 Rdc8 27.Nh4 Kh8 28.Qb2 Rc6 29.Rxc6 Qxc6
30.Qd2 Rg8 31.Qh6 Qe8 32.Nc7 Qf8 33.Qc1 Bc8 34.Nf5 Bd7 35.d4 Nc6 36.Nxe7 Qxe7
37.Nd5 Qd6 38.Bxd7 Nxd4 39.Qh6 Qxd7 40.Nxf6 Ne2+ 41.Kg2 Nf4+ 42.Qxf4 Qxd1
43.Qxe5 Kg7 44.Nd5+ Kh6 45.Qf4+ Kh5 46.Qh4+  1-0

[Event "Nacional de Mestres"]
[Site "Barreiro POR"]
[Date "2006.11.19"]
[Round "6"]
[White "Vitor,A"]
[Black "Santos,An"]
[Result "1-0"]
[WhiteElo "2414"]
[BlackElo "2250"]

1.Nf3 c5 2.c4 Nf6 3.Nc3 b6 4.g3 Bb7 5.Bg2 e6 6.O-O Be7 7.d4 cxd4 8.Qxd4 d6
9.Bg5 h6 10.Bxf6 Bxf6 11.Qd3 Na6 12.Ne4 Bxe4 13.Qxe4 O-O 14.Rab1 Rc8 15.b3 d5
16.cxd5 exd5 17.Qf5 Nb4 18.Rbd1 Nxa2 19.Rxd5 Qe7 20.e3 Rc7 21.Rd2 Nc3 22.Nd4 Qb4
23.Qf3 Ne4 24.Rd3 Nd2 25.Qf4 Nxf1 26.Qxc7 Nd2 27.Nc2 Qa5 28.b4 Qa2 29.Rxd2 Qb1+
30.Bf1 Qc1 31.Re2 Rd8 32.Re1 Qd2 33.Rb1 Rd7 34.Qc8+ Rd8 35.Qc7 Rd7 36.Qc4 b5
37.Qe2 Qc3 38.Nd4 a6 39.Nf3 g5 40.Bh3 Rd5 41.Bg4 Kg7 42.e4 Rd3 43.e5 Be7
44.e6 f5 45.Bh5 Kf6 46.Rd1 Rxd1+ 47.Qxd1 Qxb4 48.Qa1+ Kxe6 49.Qxa6+ Bd6 50.Qxb5 Qxb5
51.Nd4+ Kf6 52.Nxb5 Be5 53.h3 Ke6 54.Na3 Bd4 55.Kg2 Kd5 56.Kf3 Bc3 57.Nc2 Ke5
58.Ne3 Bb4 59.Bg6  1-0

[Event "19th Belgrade Trophy"]
[Site "Belgrade SRB"]
[Date "2006.11.22"]
[Round "1"]
[White "Cvetkovic,Sr"]
[Black "Rakic,Ma"]
[Result "1-0"]
[WhiteElo "2396"]
[BlackElo "2209"]

1.c4 Nf6 2.Nc3 c5 3.Nf3 e6 4.g3 b6 5.Bg2 Bb7 6.O-O Be7 7.d4 cxd4 8.Qxd4 d6
9.Rd1 a6 10.Bg5 Nbd7 11.Qd2 Qc7 12.Bf4 Ne5 13.Nxe5 Bxg2 14.Nxf7 Kxf7 15.Kxg2 Qxc4
16.f3 Rhd8 17.Rac1 Rac8 18.Qe3 Qb4 19.b3 h6 20.Rd4 Qc5 21.Qd3 e5 22.Rc4 Qa3
23.Nb1 Qxa2 24.Rxc8 Rxc8 25.Rxc8 exf4 26.gxf4 a5 27.f5 a4 28.Nd2 axb3 29.Qc4+ d5
30.Qc6  1-0